| 000 | 00519nmm a2200157Ia 4500 | ||
|---|---|---|---|
| 008 | 251105s9999||||xx |||||||||||||||||und|| | ||
| 020 | _a9789972429118 | ||
| 041 | _aspa | ||
| 100 | _aPease García, Henry | ||
| 245 | 0 |
_aAula Magna. Reforma del Estado : _b El papel de las políticas públicas |
|
| 264 |
_a[Lima, Peru] : _bPontificia Universidad Católica de Perú, _c2009 |
||
| 300 | _a210 páginas | ||
| 650 | _aPolitical Science (General) | ||
| 856 | _uhttps://public.digitaliapublishing.com/a/9805 | ||
| 942 | _cCF | ||
| 999 |
_c97908 _d97908 |
||